• 首页
  • 本馆介绍
  • 公告通知
  • 最新文献
  • 馆藏检索
  • 电子资源
  • 读者导购
  • 参考咨询
  • 我的图书馆
  • 登录
  • 详细信息显示
  • 放入我的书架
  • 预约/预借图书
  • 作者相关作品
  • 分类相关作品
  • 丛书相关作品
  • 出版社相关作品

书目信息

  • 表格格式
  • 工作单格式
  • 卡片格式
题名:
吉尔吉斯斯坦
    
 
作者: 刘庚岑 , 徐小云 编著
分册:  
出版信息: 北京   社会科学文献出版社  2005
页数: 308页
开本: 21cm
丛书名: 列国志
单 册:
中图分类: K364
科图分类:
主题词: 亚洲--历史
电子资源:
ISBN: 7-80190-398-6
000 01507nam0 2200409 450
000 01470nam0 2200397 450
000 01452nam0 2200397 450
000 01398nam0 2200373 450
000 01374nam0 2200373 450
000 01320nam0 2200349 450
000 01338nam0 2200337 450
000 01301nam0 2200325 45
001 TS2006039628
005 20070113082321.90
010    @a7-80190-398-6@dCNY25.00
100    @a20060829d2005 em y0chiy0120 ea
101 0  @achi
102    @aCN@b110000
105    @aab z 000yy
200 1  @a吉尔吉斯斯坦@AJi Er Ji Si Si Tan@f刘庚岑,徐小云编著@FLiu Geng Cen, Xu Xiao Yun Bian Zhu
210    @a北京@c社会科学文献出版社@d2005
215    @a308页@c地图,彩照@d21cm
225 2  @a列国志
300    @a中国社会科学院重大课题 国家“十五”重点出版项目
330    @a本书介绍了位于我国西部,与我国的新疆维吾尔自治区接壤的吉尔吉斯斯坦,该国地处山区,河流、湖泊众多,自然资源丰富。近十多年来,两国的交往更加频繁,诸多领域的合作都取得了丰硕的成果。
410  0 @12001 @a列国志
510 1  @aKyrgyzstan@zeng
606 0  @a亚洲@x历史
607    @a吉尔吉斯斯坦@x概况
690    @aK364@v4
701  0 @a刘庚岑@ALiu Geng Cen@f(1940~)@4编著
701  0 @a徐小云@AXu Xiao Yun@c(女)@4编著
801  0 @aCN@b中图数据@c20070113
905    @a10447@dK364@e10
    
    吉尔吉斯斯坦/刘庚岑,徐小云编著.-北京:社会科学文献出版社,2005
    308页:地图,彩照;21cm.-(列国志)
    中国社会科学院重大课题 国家“十五”重点出版项目
    
    ISBN 7-80190-398-6:CNY25.00
    本书介绍了位于我国西部,与我国的新疆维吾尔自治区接壤的吉尔吉斯斯坦,该国地处山区,河流、湖泊众多,自然资源丰富。近十多年来,两国的交往更加频繁,诸多领域的合作都取得了丰硕的成果。
●
相关链接 在E读中查询图书 在五车中查询图书 在当当中查询图书 在豆瓣中查询图书


正题名:吉尔吉斯斯坦     索取号:K364/10         预约/预借

序号 登录号 条形码 馆藏地/架位号 状态 备注
1 0616704   206167048   第二样本阅览室/ [索取号:K364/10] 在馆    
2 0616705   206167057   第二借阅区/ [索取号:K364/10] 在馆    
3 0616706   206167066   第二借阅区/ [索取号:K364/10] 在馆    
4 0616718   206167182   第二借阅区/ [索取号:K364/10] 在馆    
5 0616719   206167191   第二借阅区/ [索取号:K364/10] 在馆    
唐山师范学院图书馆 欢迎您!
大连网信软件有限公司© 版权所有